[Event "ECC"]
[Site "Halkidiki GRE"]
[Date "2002.09.23"]
[Round "2"]
[White "Agrest,E"]
[Black "Atakisi,U"]
[Result "1/2-1/2"]
[WhiteElo "2599"]
[BlackElo "2361"]

1.c4 c5 2.Nf3 Nf6 3.Nc3 d5 4.cxd5 Nxd5 5.d4 Nxc3 6.bxc3 g6 7.e4 Bg7 8.Be3 O-O
9.Be2 cxd4 10.cxd4 Qa5+ 11.Bd2 Qa3 12.O-O Bg4 13.Rb1 Qxa2 14.Bg5 h6 15.Be3 Nc6
16.d5 Ne5 17.Re1 Bxf3 18.gxf3 g5 19.Rxb7 Qa3 20.Kh1 Ng6 21.Rg1 a5 22.f4 gxf4
23.Bd4 Rfb8 24.Rxb8+ Rxb8 25.Bxg7 Kxg7 26.Bh5 Qc3 27.d6 Rd8 28.d7 Qe5 29.Bxg6 fxg6
30.Qd3 a4  1/2-1/2

[Event "ECC"]
[Site "Halkidiki GRE"]
[Date "2002.09.24"]
[Round "3"]
[White "Kocsis,Le"]
[Black "Nyysti,S"]
[Result "1-0"]
[WhiteElo "2392"]
[BlackElo "2297"]

1.c4 Nf6 2.Nf3 c5 3.Nc3 e6 4.g3 b6 5.Bg2 Bb7 6.O-O a6 7.d4 cxd4 8.Qxd4 d6
9.Rd1 Be7 10.b3 Nbd7 11.e4 Qc7 12.Ba3 Nc5 13.e5 dxe5 14.Qxe5 Rc8 15.Bc1 Bc6
16.Qxc7 Rxc7 17.Bf4 Rc8 18.Ne5 Bxg2 19.Kxg2 Bd8 20.Nd3 Ncd7 21.Nb4 Nc5 22.Bd6 Nfd7
23.Rac1 g5 24.f3 h5 25.Ne4 Be7 26.Bxe7 Kxe7 27.Nxg5 f6 28.Nh3 a5 29.Nd3 Nxd3
30.Rxd3 b5 31.Rdc3 b4 32.Re3 Rhd8 33.Rc2 Ne5 34.Nf4 Rc5 35.Rce2 Rd6 36.Re4 h4
37.gxh4 a4 38.R4e3 a3 39.h5 Rc8 40.Kf2 Kf7 41.Rc2 Rd4 42.Re4 Nc6 43.Rxd4 Nxd4
44.Rd2 e5 45.Nd5 Nc6 46.Ne3 Ke6 47.Nc2 Rh8 48.c5 Rxh5 49.Rd6+ Kf7 50.Ne3 Rxh2+
51.Kg3 Re2 52.Nd5 Nd4 53.Rxf6+ Kg7 54.Ra6 Rxa2 55.Nxb4 Ra1 56.c6 Rc1 57.Ra7+ Kg6
58.Rxa3 Rc3 59.Kg2 Kf5 60.Ra8 Nxb3 61.Nd5 Rc2+ 62.Kg3 Ke6 63.c7 Kxd5 64.c8=Q Rxc8
65.Rxc8 Nd4 66.Rf8 Ne6 67.Rf6 Nd4 68.Kf2 Ne6 69.Ke3 Nd4 70.Rf8 Nc2+ 71.Kd3 Nb4+
72.Ke2 Nc2 73.Rd8+ Ke6 74.Kd3 Nd4 75.Ke4 Nb3 76.Rd5 Kf6 77.Rd6+ Ke7 78.Kxe5 Nc5
79.Rc6  1-0

[Event "ECC"]
[Site "Halkidiki GRE"]
[Date "2002.09.24"]
[Round "3"]
[White "Hoelzl,F"]
[Black "Greenfeld,A"]
[Result "0-1"]
[WhiteElo "2393"]
[BlackElo "2562"]

1.c4 Nf6 2.Nc3 c5 3.Nf3 e6 4.e3 d5 5.d4 a6 6.cxd5 exd5 7.Be2 Bd6 8.dxc5 Bxc5
9.O-O O-O 10.b3 Nc6 11.Bb2 Ba7 12.Rc1 Qd6 13.Rc2 Bg4 14.Rd2 Rad8 15.Qb1 d4
16.Ne4 Nxe4 17.Qxe4 Bxf3 18.Bxf3 Qh6 19.Kh1 Bb8 20.g3 Rfe8 21.Qh4 Qxh4 22.gxh4 dxe3
23.Rxd8 Rxd8 24.fxe3 Rd2 25.Rd1 Rxh2+ 26.Kg1 Rxb2 27.Bxc6 g6 28.Bxb7 Ba7
29.Bxa6 Bxe3+ 30.Kh1 Rxa2 31.Bc4 Rf2 32.h5 g5 33.h6 Bc5 34.Rd8+ Bf8 35.Rd7 Bxh6
36.b4 g4 37.b5 Be3 38.Rd3 Bb6 39.Rd6 Be3 40.Rd3 Bf4  0-1

[Event "ECC"]
[Site "Halkidiki GRE"]
[Date "2002.09.25"]
[Round "4"]
[White "Stanec,N"]
[Black "Carlsson,P"]
[Result "1/2-1/2"]
[WhiteElo "2523"]
[BlackElo "2400"]

1.c4 Nf6 2.Nc3 c5 3.Nf3 b6 4.e3 e6 5.d4 cxd4 6.exd4 Bb4 7.Bd3 O-O 8.O-O Bxc3
9.bxc3 d6 10.Bg5 Nbd7 11.Re1 Bb7 12.Nd2 Qc7 13.Re3 Rfe8 14.Rg3 g6 15.Rh3 Rac8
16.Qe1 d5 17.f3 dxc4 18.Be4 Nxe4 19.fxe4 f5 20.Qh4 Nf8 21.Rf1 b5 22.Bf6 b4
23.Rc1 bxc3 24.Rhxc3 Nd7 25.Bg5 Qd6 26.Be3 fxe4 27.Nxc4 Qd5 28.h3 Ba6 29.Ne5 Nxe5
30.dxe5 Rxc3 31.Rxc3 Qxe5 32.Rc5 Qd6 33.Qxe4 Qd1+ 34.Kh2 Qd6+ 35.Re5 Bd3
36.Qf4 Rf8 37.Qg3 Rf5 38.Bf4 Qd4 39.Rxf5 exf5 40.Be3 Qd7 41.Qb8+ Kf7 42.Bxa7 Be4
43.Bc5 Qb7 44.Qf8+ Ke6 45.Qe8+ Kd5 46.Bf2 Qc7+ 47.Bg3 Qc2 48.Qd7+ Kc4 49.Qc7+ Kb5
50.Qxc2  1/2-1/2

[Event "ECC"]
[Site "Halkidiki GRE"]
[Date "2002.09.28"]
[Round "7"]
[White "Eingorn,V"]
[Black "Van Wely,L"]
[Result "1-0"]
[WhiteElo "2604"]
[BlackElo "2645"]

1.Nf3 Nf6 2.c4 c5 3.Nc3 d5 4.cxd5 Nxd5 5.Qa4+ Nc6 6.Ne5 Qc7 7.Nxc6 Nxc3 8.dxc3 Bd7
9.e4 a6 10.Qc4 Qxc6 11.Be3 e6 12.Be2 Be7 13.Bf3 b5 14.Qe2 Rd8 15.Bf4 Qb7
16.e5 Bc6 17.Bxc6+ Qxc6 18.O-O O-O 19.a4 h6 20.axb5 axb5 21.Ra7 Rfe8 22.h3 c4
23.Qg4 Kf8 24.Be3 Bc5 25.Qf3  1-0

[Event "ECC"]
[Site "Halkidiki GRE"]
[Date "2002.09.28"]
[Round "7"]
[White "Yeke,S"]
[Black "Nyysti,S"]
[Result "0-1"]
[WhiteElo "2258"]
[BlackElo "2297"]

1.Nf3 Nf6 2.c4 c5 3.Nc3 e6 4.g3 b6 5.Bg2 Bb7 6.O-O a6 7.d4 cxd4 8.Qxd4 d6
9.b3 Nbd7 10.Rd1 Be7 11.Bb2 Qc7 12.Rac1 O-O 13.Ng5 Bxg2 14.Kxg2 Qb7+ 15.f3 Rac8
16.Nge4 Rc6 17.g4 Kh8 18.Ng3 Nc5 19.g5 Ne8 20.h4 e5 21.Qg4 g6 22.e4 Ne6 23.Nd5 Kg8
24.Kh2 N8g7 25.Nf5 gxf5 26.exf5 Bd8 27.Nf6+ Kh8 28.fxe6 Bxf6 29.gxf6 Nxe6
30.Rg1 Rcc8 31.Qf5 Rg8 32.Rcd1 Qc6 33.Bc1 Qc5 34.Bg5 b5 35.Rd5 Qa3 36.cxb5 Qxa2+
37.Rd2 Qxb3 38.bxa6 Nd4 39.Rxd4 exd4 40.Rg4 Rc2+ 41.Kg3 Qb2 42.Kf4 Qc1+ 43.Kg3 Qe1+
44.Kf4 Qd2+ 45.Ke4 Re8+ 46.Kd5 Qa5+  0-1

[Event "EuYCh B18"]
[Site "Peniscola ESP"]
[Date "2002.09.30"]
[Round "2"]
[White "Nyback,T"]
[Black "Zaragatski,I"]
[Result "0-1"]
[WhiteElo "2459"]
[BlackElo "2319"]

1.Nf3 c5 2.c4 Nf6 3.Nc3 e6 4.g3 b6 5.Bg2 Bb7 6.O-O Be7 7.Re1 d6 8.e4 Nc6
9.d4 cxd4 10.Nxd4 Nxd4 11.Qxd4 O-O 12.b3 Qc7 13.Bb2 Rfd8 14.Rac1 Rac8 15.h3 Bf8
16.Nb5 Qb8 17.e5 dxe5 18.Qxe5 Bxg2 19.Qxb8 Rxb8 20.Kxg2 Rd2 21.Be5 Rbd8 22.Nc3 Bc5
23.Rf1 Ba3 24.Rcd1 Bb4 25.Bf4 Bxc3 26.Rxd2 Bxd2 27.Rd1 Ne4 28.f3 g5 29.Be5 f6
30.Bb2 Nc5 31.Bc3 Bxc3 32.Rxd8+ Kf7 33.Ra8 a5 34.Ra7+ Kg6 35.Rc7 Bd4 36.Rc6 e5
37.Rxb6 Nd3 38.Rb5 Ne1+ 39.Kf1 Nxf3 40.c5 Kf7 41.Rxa5 e4 42.b4 e3 43.Ra3 f5
44.Rd3 f4 45.gxf4 gxf4 46.Ke2 Ng1+ 47.Kf1 e2+ 48.Ke1 Nf3+  0-1

[Event "Eu Blitz Ch"]
[Site "Panormo GRE"]
[Date "2002.10.02"]
[Round "7"]
[White "Popov,Val"]
[Black "Banikas,H"]
[Result "1-0"]
[WhiteElo "2568"]
[BlackElo "2520"]

1.Nf3 Nf6 2.c4 g6 3.Nc3 c5 4.g3 Nc6 5.d4 cxd4 6.Nxd4 d6 7.Bg2 Bd7 8.O-O Bg7
9.e3 O-O 10.b3 a6 11.Bb2 Rc8 12.Rc1 Qa5 13.Re1 Rfe8 14.a3 Bg4 15.Qd3 Qh5
16.f3 Bh3 17.Nxc6 bxc6 18.b4 d5 19.Ne2 Bxg2 20.Kxg2 e5 21.cxd5 cxd5 22.Qxa6 Ra8
23.Qc6 e4 24.Ng1 Qf5 25.Rf1 Rac8 26.Qa4 h5 27.Qd1 Rxc1 28.Bxc1 h4 29.gxh4 exf3+
30.Qxf3 Qc2+ 31.Qe2 Qe4+ 32.Qf3 Qxh4 33.Bb2 Re6 34.Bd4 Kh7 35.Qh3 Qxh3+ 36.Nxh3 Kg8
37.Nf4 Rc6 38.b5 Rc2+ 39.Rf2 Rc4 40.b6 Nd7 41.b7 Bxd4 42.exd4 Rxd4 43.Rc2 Kg7
44.Rc7 Nb8 45.Rc8 Na6 46.Ra8 Rd2+ 47.Kf3 Rb2 48.Nxd5 Rxh2 49.Ke4 Rh4+ 50.Kd3 Rh5
51.a4 Rh4 52.Ne3 Rxa4 53.Ng4 Re4 54.Kxe4  1-0

[Event "11th Monarch Assurance"]
[Site "Port Erin IOM"]
[Date "2002.10.03"]
[Round "6"]
[White "Daly,C"]
[Black "Ulibin,M"]
[Result "0-1"]
[WhiteElo "2338"]
[BlackElo "2589"]

1.Nf3 c5 2.c4 Nf6 3.Nc3 e6 4.g3 b6 5.Bg2 Bb7 6.O-O Be7 7.d4 cxd4 8.Nxd4 Bxg2
9.Kxg2 Qc8 10.Bg5 Qxc4 11.Rc1 Qc8 12.Bxf6 gxf6 13.Ncb5 Qb7+ 14.Nf3 Nc6 15.Nd6+ Bxd6
16.Qxd6 Rc8 17.Rfd1 Rg8 18.Rc4 f5 19.h3 f6 20.Rdc1 b5 21.Rh4 Rg7 22.Kh2 Ne7
23.Rxc8+ Nxc8 24.Qd2 Ne7 25.a4 Qb6 26.Kg2 Nd5 27.Qh6 Kf7 28.Qh5+ Kf8 29.Qh6 a6
30.b3 Kg8 31.Qc1 Qc7 32.Qxc7 Nxc7 33.axb5 axb5 34.Rb4 Re7 35.Nd4 Re8 36.g4 fxg4
37.Nxb5 gxh3+ 38.Kxh3 Nd5 39.Rg4+ Kf8 40.Rh4 Kg7 41.Rg4+ Kf8 42.Rh4 Re7 43.Nd6 Rg7
44.Kh2 f5 45.Nc4 Ke7 46.Ne5 Nc3 47.Rd4 Kd8 48.e3 Ne4 49.f3 Nf6 50.Nd3 Ke7
51.Ra4 Rg8 52.Rh4 Rc8 53.Rc4 Rb8 54.Rb4 Rxb4 55.Nxb4 Kd6 56.Kg3 Nd5 57.Nc2 Ke5
58.Kf2 f4 59.e4 Nc3 60.b4 h6 61.Kg2 Nd1 62.Kh3 Ne3 63.Na3 Kd4 64.Kh4 Nc4
65.b5 Nb6 66.Nc2+ Kd3 67.Nb4+ Ke3 68.Kg4 h5+ 69.Kxh5 Kxf3 70.e5 Ke2 71.Nc2 f3
72.Nd4+ Ke3  0-1

[Event "EuYCh B18"]
[Site "Peniscola ESP"]
[Date "2002.10.07"]
[Round "8"]
[White "Nyback,T"]
[Black "Lupulescu,C"]
[Result "1-0"]
[WhiteElo "2459"]
[BlackElo "2476"]

1.Nf3 Nf6 2.c4 c5 3.Nc3 d5 4.cxd5 Nxd5 5.d4 Nxc3 6.bxc3 g6 7.Bg5 Bg7 8.Qd2 cxd4
9.cxd4 Nc6 10.e3 O-O 11.Rc1 Be6 12.Bb5 Bd5 13.Bc4 h6 14.Bh4 Re8 15.O-O Bxc4
16.Rxc4 g5 17.Bg3 e5 18.Rd1 exd4 19.exd4 g4 20.Nh4 Qd5 21.Rc5 Qxd4 22.Qc1 Qe4
23.f3 gxf3 24.gxf3 Qe6 25.Rd6 Qxa2 26.Nf5 Re6 27.Rc4 Qa1 28.Nxh6+ Kf8 29.Qxa1 Bxa1
30.Rf4 Ke8 31.Nxf7 Ke7  1-0

[Event "TCh-BEL 2001-2"]
[Site "Belgium BEL"]
[Date "2002.10.12"]
[Round "7"]
[White "Sielecki,C"]
[Black "Thoeng,P"]
[Result "1/2-1/2"]
[WhiteElo "2393"]
[BlackElo "2255"]

1.c4 c5 2.Nf3 Nf6 3.Nc3 e6 4.g3 d5 5.cxd5 exd5 6.d4 Nc6 7.Bg2 Be7 8.O-O O-O
9.Be3 c4 10.Ne5 Be6 11.Nxc4 dxc4 12.d5 Nxd5 13.Nxd5 Bf6 14.Nxf6+ Qxf6 15.Qc1 Rac8
16.Rd1 h6 17.Qc3 Qe7 18.a4 b6 19.Rd2 Na5 20.Rad1 Nb3 21.Rd6 Rfd8 22.Qe5 Rxd6
23.Rxd6 Rd8 24.Rxd8+ Qxd8 25.Be4 Qc8 26.f4 Bd7 27.f5 Bxa4 28.f6 Bc6 29.Bf5 Qe8
30.Qc3 gxf6 31.Kf2 Qe5 32.Qc2 Nd4 33.Bh7+ Kg7 34.Qxc4 Qe6 35.Qxd4 Kxh7 36.Qf4 f5
37.Qb8 Qd5 38.Qxa7 Qg2+ 39.Ke1 Qh1+ 40.Kd2  1/2-1/2

[Event "TCh-SWE"]
[Site "Helsingborg SWE"]
[Date "2002.10.12"]
[Round "2"]
[White "Schandorff,L"]
[Black "Von Bahr,O"]
[Result "1-0"]
[WhiteElo "2546"]
[BlackElo "2320"]

1.Nf3 c5 2.c4 Nf6 3.Nc3 d5 4.cxd5 Nxd5 5.d4 Nxc3 6.bxc3 g6 7.Bf4 Bg7 8.e3 O-O
9.Be2 cxd4 10.cxd4 Qa5+ 11.Qd2 Nc6 12.Rb1 Qxd2+ 13.Nxd2 e5 14.dxe5 Nxe5 15.O-O Be6
16.Rb5 Rfd8 17.Nb3 Nd3 18.Bxd3 Rxd3 19.Rxb7 Rc3 20.Rb1 a5 21.a4 Bf5 22.Re1 Be4
23.Rb6 Rc6 24.Rb5 Bc3 25.Rd1 Rc4 26.Rc1 Rd8 27.f3 Bd3 28.Rc5 Rxc5 29.Nxc5 Bd2
30.Ra1 Bf5 31.g4 Bc8 32.Ne4 f5 33.gxf5 gxf5 34.Nxd2 Rxd2 35.Rc1 Bb7 36.Rc5 Rd5
37.Rc7 Ba6 38.Kf2 Bd3 39.Bh6 Bb1 40.Rg7+ Kh8 41.Rb7  1-0

[Event "FSGM Oct"]
[Site "Budapest HUN"]
[Date "2002.10.13"]
[Round "9"]
[White "Seres,L"]
[Black "Brustkern,J"]
[Result "1/2-1/2"]
[WhiteElo "2465"]
[BlackElo "2288"]

1.Nf3 Nf6 2.c4 c5 3.Nc3 b6 4.e4 d6 5.d4 cxd4 6.Nxd4 Bb7 7.f3 e6 8.Be2 Be7
9.O-O O-O 10.Be3 a6 11.Qd2 Qc7 12.Rac1 Nbd7 13.Rfd1 Rac8 14.Bf1 Qb8 15.Qf2 Rfe8
16.Kh1 Bd8 17.b3 Kh8 18.Rc2 Rg8 19.g4 g5 20.h4 h6 21.Qe1 Ne5 22.Rh2 Nh7 23.Qd2 Rg6
24.a4 Kg8 25.Be2 Nf8 26.Rg1 Qa8 27.hxg5 hxg5 28.Rg3 f6 29.Rgh3 Kf7 30.Nc2 Bc7
31.Qd1 Rg7 32.Qg1 Nfd7 33.Rh5 Rcg8 34.R2h3 Qd8 35.Nd4 Ng6 36.Bd1 Nge5 37.Qf1 a5
38.Ndb5 Bb8 39.Bc2 Nc5 40.Kg1 Ke7 41.Kf2 Bc6 42.Nd4 Be8  1/2-1/2

[Event "TCh-SWE"]
[Site "Helsingborg SWE"]
[Date "2002.10.13"]
[Round "3"]
[White "Jepson,C"]
[Black "Astrom,G"]
[Result "1-0"]
[WhiteElo "2412"]
[BlackElo "2331"]

1.c4 Nf6 2.Nf3 c5 3.Nc3 e6 4.g3 b6 5.Bg2 Bb7 6.O-O Be7 7.Re1 d5 8.cxd5 exd5
9.d4 O-O 10.Bf4 Na6 11.Rc1 Nc7 12.dxc5 bxc5 13.Qb3 Qc8 14.Nd4 Rd8 15.Red1 c4
16.Qa4 Ne6 17.Bh3 Bc5 18.Be3 Bxd4 19.Bxd4 Nd7 20.Qa3 Qc6 21.Bg2 Nb6 22.Qb4 Nxd4
23.Rxd4 Rd7 24.e3 Qe6 25.Rcd1 Rad8 26.Qa5 Ba8 27.Nb5 Bb7 28.h4 a6 29.Nc3 g6
30.Ne2 Qc6 31.h5 Qb5 32.Qa3 Qc6 33.Rh4 Qf6 34.Rf4 Qe5 35.Rh4 f5 36.hxg6 hxg6
37.Qb4 Qf6 38.Bf3 Kg7 39.Qc3 Qxc3 40.Nxc3 Kf6  1-0

[Event "10th Chigorin Mem B"]
[Site "St Petersburg RUS"]
[Date "2002.10.25"]
[Round "1"]
[White "Margolin,E"]
[Black "Sharapov,E"]
[Result "0-1"]
[WhiteElo "2206"]
[BlackElo "2342"]

1.Nf3 c5 2.c4 Nf6 3.Nc3 d5 4.cxd5 Nxd5 5.Nxd5 Qxd5 6.g3 e5 7.d3 Be7 8.Bg2 O-O
9.O-O Nc6 10.Be3 Qe6 11.a3 Bd7 12.Qd2 a5 13.Rfc1 b6 14.a4 Nd4 15.Bxd4 exd4
16.Ng5 Bxg5 17.Qxg5 Rae8 18.Bf3 Qb3 19.Qd2 Bxa4 20.Ra3 Qb5 21.b3 Bxb3 22.Qb2 a4
23.Bd5 Rxe2 24.Qxe2 Bxd5 25.Raa1 Qd7 26.Rcb1 Re8 27.Qf1 b5 28.Rc1 Rc8 29.Qd1 Bb3
30.Qh5 c4 31.dxc4 bxc4  0-1

[Event "Olympiad w"]
[Site "Bled SLO"]
[Date "2002.10.27"]
[Round "2"]
[White "Piarnpuu,L"]
[Black "Chelushkina,I"]
[Result "1-0"]
[WhiteElo "2230"]
[BlackElo "2378"]

1.Nf3 Nf6 2.c4 e6 3.Nc3 c5 4.g3 Nc6 5.Bg2 d5 6.cxd5 Nxd5 7.O-O Be7 8.Nxd5 exd5
9.d4 c4 10.b3 cxb3 11.Qxb3 O-O 12.Bf4 a5 13.a4 h6 14.Rfd1 g5 15.Bc1 Nb4 16.Ba3 Be6
17.Ne5 Rc8 18.Rac1 Rxc1 19.Rxc1 Re8 20.e3 Bf8 21.Nd3 Nxd3 22.Qxd3 Qd7 23.Bxf8 Rxf8
24.Qb3 Rb8 25.Rc5 b6 26.Bxd5 Qd8 27.Rb5 Bd7 28.Bxf7+ Kg7 29.Re5 Rc8 30.Be6 Rc1+
31.Kg2 Bc6+ 32.Bd5 Bd7 33.Qa3 Rc7 34.Qe7+ Qxe7 35.Rxe7+ Kf8 36.Rf7+ Ke8 37.Rf6 Bxa4
38.Rxb6 Ra7 39.Rxh6 Bd7 40.Bc6 Bxc6+ 41.Rxc6 a4 42.Rc2 Kd7 43.Kf3 Kd6 44.Ke4 g4
45.Kd3 Ke6 46.Ra2 Kf5 47.e4+ Kg5 48.Kc4 Re7 49.Rxa4 Rxe4 50.Ra8 Re7 51.Rf8  1-0

[Event "Olympiad"]
[Site "Bled SLO"]
[Date "2002.10.27"]
[Round "2"]
[White "Bistric,F"]
[Black "Podlesnik,B"]
[Result "1-0"]
[WhiteElo "2484"]
[BlackElo "2385"]

1.c4 c5 2.Nf3 Nf6 3.Nc3 e6 4.e4 Nc6 5.d4 cxd4 6.Nxd4 Bb4 7.Nb5 Nxe4 8.Qg4 Nxc3
9.bxc3 Bf8 10.Qg3 e5 11.c5 Bxc5 12.Qxg7 Rf8 13.Be3 Be7 14.Rd1 Qa5 15.Rd5 Qxa2
16.Be2 d6 17.Rxd6 Bd7 18.Rd2 Qa5 19.Rd5 Qa2 20.Rd2 Qa5 21.O-O a6 22.Nd6+ Bxd6
23.Rxd6 O-O-O 24.Qxh7 Be6 25.Rxd8+ Rxd8 26.h4 Qa2 27.Bf3 Bd5 28.Qf5+ Kb8
29.Rd1 Bxf3 30.Rxd8+ Nxd8 31.Qxe5+ Kc8 32.Qf5+ Ne6 33.Qxf3 Qa1+ 34.Kh2 Qxc3
35.Qxf7 Qe5+ 36.g3 a5 37.Qe8+  1-0

[Event "Olympiad"]
[Site "Bled SLO"]
[Date "2002.10.27"]
[Round "2"]
[White "Nevednichy,V"]
[Black "Fernando,D"]
[Result "1/2-1/2"]
[WhiteElo "2555"]
[BlackElo "2408"]

1.Nf3 Nf6 2.c4 c5 3.Nc3 e6 4.g3 b6 5.Bg2 Bb7 6.O-O d6 7.b3 Be7 8.d4 cxd4
9.Qxd4 a6 10.Ba3 Nc6 11.Qd2 Qc7 12.Rac1 Na7 13.Rfd1 Rd8 14.Qd3 O-O 15.Nd4 Bxg2
16.Kxg2 Rd7 17.f4 d5 18.Bxe7 dxc4 19.Qf3 Rxe7 20.e4 Nd7  1/2-1/2

[Event "Olympiad"]
[Site "Bled SLO"]
[Date "2002.10.28"]
[Round "3"]
[White "Faraj,Y"]
[Black "Ferrufino,B"]
[Result "1/2-1/2"]
[WhiteElo "2217"]
[BlackElo "2186"]

1.Nf3 Nf6 2.c4 e6 3.Nc3 c5 4.d4 cxd4 5.Nxd4 Nc6 6.Ndb5 d6 7.Bf4 e5 8.Bg5 a6
9.Na3 Be6 10.e3 Rc8 11.Qd2 Be7 12.Rd1 O-O 13.Bxf6 Bxf6 14.Be2 Na5 15.Nd5 Bxd5
16.Qxd5 e4 17.Qd2 Qb6 18.Rb1 Nc6 19.O-O Nb4 20.b3 Be5 21.Rbd1 f5 22.Nb1 f4
23.a3 f3 24.axb4 fxe2 25.Qxe2 Qxb4 26.Nd2 d5 27.cxd5 Rc2 28.Qg4 Bxh2+ 29.Kxh2 Rxd2
30.Rxd2 Qxd2 31.Qe6+ Kh8 32.Qxe4 Rd8 33.Qf3 Qxd5 34.Qxd5 Rxd5 35.Rc1 h6 36.Rc3 Ra5
37.e4 Rb5  1/2-1/2

[Event "2nd Rohde Open"]
[Site "Sautron FRA"]
[Date "2002.10.28"]
[Round "3"]
[White "Jaulin,P"]
[Black "Mullon,J"]
[Result "0-1"]
[WhiteElo "2071"]
[BlackElo "2318"]

1.Nf3 c5 2.c4 Nf6 3.Nc3 e6 4.d4 cxd4 5.Nxd4 a6 6.g3 Qc7 7.Bg5 Bb4 8.Qb3 Bxc3+
9.bxc3 Nc6 10.Nxc6 Qxc6 11.Rg1 Ng4 12.Qb4 f6 13.Bg2 a5 14.Qa3 Qxc4 15.Rd1 fxg5  0-1

[Event "Olympiad"]
[Site "Bled SLO"]
[Date "2002.10.29"]
[Round "4"]
[White "Moussa,A"]
[Black "Amonatov,F"]
[Result "0-1"]
[WhiteElo "2218"]
[BlackElo "2518"]

1.Nf3 c5 2.c4 Nf6 3.Nc3 b6 4.g3 Bb7 5.Bg2 e6 6.O-O Be7 7.Re1 d6 8.e4 a6 9.d4 cxd4
10.Qxd4 O-O 11.b3 Nbd7 12.Ba3 Qc7 13.Rad1 Nc5 14.e5 dxe5 15.Qxe5 Qc8 16.Na4 Nfd7
17.Qh5 Nf6 18.Qe5 Ncd7 19.Qb2 Bxa3 20.Qxa3 b5 21.Nb2 Qc7 22.Qb4 Rfc8 23.a4 bxc4
24.Nxc4 Rab8 25.Qe7 Nc5 26.Qxc7 Rxc7 27.Nfe5 Bd5 28.Bxd5 Nxd5 29.Nd6 Nxb3
30.Nexf7 Rxf7 31.Rxe6 Re7 32.Rxe7 Nxe7 33.Ne4 Nc6 34.Rd7 Re8 35.f3 Ne5  0-1

[Event "Olympiad"]
[Site "Bled SLO"]
[Date "2002.10.30"]
[Round "5"]
[White "Braga,F"]
[Black "Ghaem Maghami,E"]
[Result "1-0"]
[WhiteElo "2434"]
[BlackElo "2511"]

1.c4 Nf6 2.Nf3 g6 3.Nc3 c5 4.d4 cxd4 5.Nxd4 Nc6 6.e4 d6 7.Be2 Nxd4 8.Qxd4 Bg7
9.Bg5 O-O 10.Qd2 Be6 11.Rc1 Qa5 12.b3 Rfc8 13.f3 a6 14.Nd5 Qxd2+ 15.Kxd2 Bxd5
16.cxd5 Kf8 17.b4 Nd7 18.Be3 Bb2 19.Rc2 Rxc2+ 20.Kxc2 Be5 21.f4 Rc8+ 22.Kd3 Bg7
23.Rc1 Rxc1 24.Bxc1 f5 25.exf5 gxf5 26.Be3 Nf6 27.Bf3 Kf7 28.h3 h5 29.a4 Kg6
30.Kc4 h4 31.b5 axb5+ 32.Kxb5 Nd7 33.Bf2 Bh6 34.Bxh4 Bxf4 35.Bxe7 Kf7 36.Bh4 Be3
37.Bh5+ Kg7 38.Be7 Bc5 39.a5 Nf6 40.Bf3 Kf7 41.Bd8 Bf2 42.g4 fxg4 43.hxg4 Be3
44.Bb6 Bd2 45.Bc7 Ke7 46.Bb6 Kf7 47.Bf2 Nd7 48.Bg3 Ke7 49.Bh4+ Kf7 50.g5 Ne5
51.Be4 Be3 52.Bb1 Kg7 53.Be1 Kf7 54.Bb4 Bxg5 55.Bxd6 Nd7 56.Bf5 Ke8 57.Bc7 Be3
58.d6 Ne5 59.Bc8 Bg5 60.Bxb7 Kd7 61.a6 Be3 62.Bb6 Bxb6 63.Kxb6 Nc4+ 64.Kc5 Nxd6
65.Bc6+ Kc7 66.a7 Nb7+ 67.Kd5 Kd8 68.a8=Q+  1-0

[Event "Olympiad"]
[Site "Bled SLO"]
[Date "2002.10.31"]
[Round "6"]
[White "Kanep,M"]
[Black "Vaisser,A"]
[Result "1/2-1/2"]
[WhiteElo "2389"]
[BlackElo "2581"]

1.c4 Nf6 2.Nc3 c5 3.Nf3 e6 4.g3 b6 5.Bg2 Bb7 6.O-O Be7 7.b3 d5 8.cxd5 exd5
9.d4 O-O 10.Bb2 Na6 11.e3 Nc7 12.Rc1 Ne6 13.Ne5 Rc8 14.Bh3 Ba6 15.Re1 Rc7
16.Bg2 cxd4 17.exd4 Bb7 18.h4 Re8 19.a3 a6 20.Qd3 b5 21.b4 Qd6 22.Rcd1  1/2-1/2

[Event "Olympiad"]
[Site "Bled SLO"]
[Date "2002.11.01"]
[Round "7"]
[White "Lungu,N"]
[Black "Sarsam,S"]
[Result "0-1"]
[WhiteElo "2282"]
[BlackElo "2409"]

1.Nf3 Nf6 2.c4 c5 3.Nc3 d5 4.cxd5 Nxd5 5.g3 Nc6 6.Bg2 Nc7 7.O-O e5 8.d3 Be7
9.Nd2 O-O 10.Nc4 f6 11.Kh1 Be6 12.f4 exf4 13.gxf4 Qd7 14.Be3 Nd5 15.Bg1 Rfd8
16.f5 Bf7 17.Ne4 Nd4 18.Rc1 Rac8 19.Ng3 Nb6 20.b3 Bd5 21.e4 Bf7 22.Nb2 Bd6
23.Nh5 Be5 24.Nc4 Nxc4 25.bxc4 Nc6 26.Bxc5 b6 27.Bg1 Qxd3 28.Qg4 Bxh5 29.Qxh5 Qd2
30.c5 b5 31.Rb1 b4 32.Rf2 Qd3 33.Rb3 Bc3 34.Rf4 Ne5 35.Bf1 Qc2 36.Rh4 h6
37.Rh3 Rd1 38.Qe2 Qxe2 39.Bxe2 Re1 40.Ba6 Rxc5 41.Re3 Ra1 42.Re2 Nf3 43.Rg2 Nd2  0-1

[Event "Blue Autumn"]
[Site "Bucharest ROM"]
[Date "2002.11.02"]
[Round "11"]
[White "Badea,B"]
[Black "Lupulescu,C"]
[Result "1/2-1/2"]
[WhiteElo "2474"]
[BlackElo "2480"]

1.Nf3 Nf6 2.c4 c5 3.Nc3 d5 4.cxd5 Nxd5 5.e4 Nxc3 6.dxc3 Qxd1+ 7.Kxd1 Nc6
8.Be3 e6 9.Nd2 b6 10.a4 Bb7  1/2-1/2

[Event "Olympiad"]
[Site "Bled SLO"]
[Date "2002.11.06"]
[Round "11"]
[White "Rahman,Zia"]
[Black "Nisipeanu,LD"]
[Result "1-0"]
[WhiteElo "2523"]
[BlackElo "2613"]

1.Nf3 Nf6 2.c4 c5 3.Nc3 e6 4.g3 b6 5.Bg2 Bb7 6.O-O Be7 7.Re1 d6 8.e4 a6 9.d4 cxd4
10.Nxd4 Qc7 11.Be3 O-O 12.Rc1 Nbd7 13.f4 h5 14.h3 Rfe8 15.Bf2 Bf8 16.Qe2 g6
17.e5 Bxg2 18.Kxg2 dxe5 19.fxe5 Nh7 20.Nf3 Rac8 21.Rcd1 Bb4 22.Rd4 Qb7 23.Red1 Nc5
24.Qe3 Bxc3 25.bxc3 Na4 26.Rd7 Rc7 27.Rd8 Rf8 28.Qh6 Rc8 29.R1d7 Qxf3+ 30.Kxf3 Rcxd8
31.Rd6 Rc8 32.Rd4 Nb2 33.g4 Nxc4 34.Re4 g5 35.Kg2 h4 36.Bxh4 f6 37.Bxg5 Nxe5
38.Bf4 Nd3 39.Bd2 Nc5 40.Re2 Rc7 41.Qh5 e5 42.Bh6 Ne6 43.Qf5 Ng7 44.Qd3 Rfc8
45.Qxa6 Rxc3 46.Qxb6 Kf7 47.Qb7+ R8c7 48.Qe4 Nf8 49.g5 Ng6 50.Kh2 f5 51.Qd5+ Ne6
52.Rf2 Ke7 53.Rxf5 Rxh3+ 54.Kg1 Ngf4 55.Bf8+ Ke8 56.Qa8+ Nd8 57.Rxe5+ Kf7
58.Rf5+  1-0

[Event "Olympiad"]
[Site "Bled SLO"]
[Date "2002.11.06"]
[Round "11"]
[White "Moussa,A"]
[Black "Kuntz,P"]
[Result "1/2-1/2"]
[WhiteElo "2218"]
[BlackElo "2200"]

1.Nf3 Nf6 2.c4 c5 3.Nc3 d5 4.cxd5 Nxd5 5.g3 Nc6 6.Bg2 Nxc3 7.bxc3 e5 8.Qc2 Be7
9.O-O O-O 10.Rb1 Rb8 11.Rd1 Be6 12.d4 exd4 13.cxd4 Nb4 14.Qd2 Bf5 15.Rb2 Bf6
16.Qf4 Be6 17.Qd2 Bf5  1/2-1/2

[Event "Olympiad"]
[Site "Bled SLO"]
[Date "2002.11.07"]
[Round "12"]
[White "Vera,R"]
[Black "Brittner,S"]
[Result "1-0"]
[WhiteElo "2544"]
[BlackElo "2182"]

1.Nf3 Nf6 2.c4 c5 3.Nc3 e6 4.d4 cxd4 5.Nxd4 Bb4 6.g3 Ne4 7.Qd3 Bxc3+ 8.bxc3 Nc5
9.Qe3 b6 10.Bg2 Bb7 11.Bxb7 Nxb7 12.Ba3 Nc6 13.Rd1 Nca5 14.Nf5 Qf6 15.Qd3 Rd8
16.Nd6+ Nxd6 17.Bxd6 Nb7 18.Bc7 Nc5 19.Qe3 Rc8 20.Bd6 Qd8 21.Qe5 f6 22.Qh5+ g6
23.Qf3 Kf7 24.O-O Rc6 25.Rd4 e5 26.Bxe5 Re8 27.Rfd1 Qe7 28.Rd5 Kg8 29.Bd6 Qxe2
30.Qxe2 Rxe2 31.Bxc5 Rxc5 32.Rxd7 Rxa2 33.Rb7 Rc8 34.Rdd7 a5 35.Rg7+ Kh8
36.Rxh7+ Kg8 37.Rhg7+ Kh8 38.Rxg6 a4 39.Rxf6 a3 40.Rfxb6 Rf8 41.Rb8  1-0

[Event "Olympiad"]
[Site "Bled SLO"]
[Date "2002.11.07"]
[Round "12"]
[White "Istratescu,A"]
[Black "Stefansson,H"]
[Result "1/2-1/2"]
[WhiteElo "2615"]
[BlackElo "2566"]

1.c4 Nf6 2.Nc3 c5 3.Nf3 e6 4.g3 b6 5.Bg2 Bb7 6.O-O Be7 7.b3 O-O 8.Bb2 d6
9.d4 cxd4 10.Nxd4 Bxg2 11.Kxg2 Qc8 12.e3 a6 13.f4 Ra7 14.Qf3 Rc7 15.Rac1 Nc6
16.Nxc6 Rxc6 17.f5 Rc5 18.g4 Qa8 19.Na4 Qxf3+ 20.Rxf3 Rc6 21.g5 Ne4 22.f6 Bd8
23.fxg7 Re8 24.h4 e5 25.Rf5 b5 26.Nc3 Nxc3 27.Rxc3 Ba5 28.Rd3 bxc4 29.bxc4 Bc7
30.Rc3 Rb8  1/2-1/2

[Event "Olympiad"]
[Site "Bled SLO"]
[Date "2002.11.08"]
[Round "13"]
[White "Ehlvest,J"]
[Black "Ghaem Maghami,E"]
[Result "1/2-1/2"]
[WhiteElo "2600"]
[BlackElo "2511"]

1.Nf3 c5 2.c4 Nf6 3.Nc3 b6 4.g3 Bb7 5.Bg2 e6 6.O-O Be7 7.Re1 Ne4 8.Nxe4 Bxe4
9.d3 Bb7 10.e4 d6 11.d4 cxd4 12.Nxd4 O-O 13.Be3 Qd7 14.Qe2 Nc6 15.Nb5 Rfc8
16.Rac1 a6 17.Nc3 Ne5 18.b3 Qc6 19.Red1 Nd7 20.f4 Qc7 21.Bd4  1/2-1/2

[Event "Olympiad w"]
[Site "Bled SLO"]
[Date "2002.11.08"]
[Round "13"]
[White "Calotescu,C"]
[Black "Ciganikova,A"]
[Result "0-1"]
[WhiteElo "2324"]
[BlackElo "2170"]

1.Nf3 c5 2.c4 Nf6 3.Nc3 e6 4.g3 b6 5.Bg2 Bb7 6.O-O Be7 7.Re1 O-O 8.e4 d6
9.d4 cxd4 10.Nxd4 Ne8 11.Be3 a6 12.f4 Qc7 13.Rc1 Nd7 14.f5 e5 15.Nd5 Qd8
16.Nc2 Bxd5 17.cxd5 Bg5 18.Nb4 Bxe3+ 19.Rxe3 a5 20.Nc6 Qg5 21.Qe1 h5 22.h4 Qh6
23.Bf3 Nc5 24.Qe2 Nf6 25.Rcc3 Kh8 26.Qb5 Nfd7 27.Bd1 g6 28.Qf1 Nf6 29.Qf3 Rae8
30.Re2 Qh7 31.fxg6 fxg6 32.Qg2 Qh6 33.Re1 Nfd7 34.b3 Rf6 35.a3 Ref8 36.Bf3 a4
37.b4 Nb3 38.Rd1 Qg7 39.Rf1 Nd4 40.Nxd4 exd4 41.Rc7 R8f7 42.Be2 Ne5 43.Rxf7 Rxf7
44.Bb5 Ng4 45.Rxf7 Qxf7 46.Qf1 Qe7 47.Qd3 Qe5 48.Qf3 Kg7 49.Bxa4 d3 50.Qxd3 Qa1+
51.Bd1 Ne5 52.Qc2 Qd4+ 53.Kh1 Qe3 54.Be2 Qxg3 55.Qc7+ Kh6 56.Qc1+ Kg7 57.Qc7+ Nf7
58.Qc4 Qxh4+ 59.Kg2 Qg5+ 60.Kf2 Qf4+ 61.Ke1 Qg3+ 62.Kd1 h4 63.Qd4+ Ne5 64.Qxb6 h3
65.Qxd6 h2 66.Qc7+ Kh6 67.Qc1+ Qg5  0-1

[Event "Olympiad"]
[Site "Bled SLO"]
[Date "2002.11.10"]
[Round "14"]
[White "Franco Ocampos,Z"]
[Black "Matamoros Franco,C"]
[Result "1/2-1/2"]
[WhiteElo "2504"]
[BlackElo "2459"]

1.c4 Nf6 2.Nc3 c5 3.Nf3 e6 4.g3 b6 5.Bg2 Bb7 6.O-O a6 7.d4 cxd4 8.Nxd4 Bxg2
9.Kxg2 Qc7 10.Qd3 Nc6 11.b3 Be7 12.Bb2 O-O 13.Nxc6 Qxc6+ 14.Qf3 b5  1/2-1/2